000 00422nam a2200157 a 4500
005 20141022142003.0
008 120307s19uu xx 00 eng d
050 _aCD
_bSa9 2005
100 _aSaxton, Dolores
245 _aMath & meds for nurses :
_bpractice software /
_cDolores Saxton.
250 _a2nd ed.
260 _c2003.
700 _aO'Neil, Norma Ercolano
700 _aGlavinspiehs, Colleen
942 _cAVM
999 _c276363
_d276363